00604 2200193 4500245003300000020001800033250001100051100001700062700001900079700001900098650004300117005001900160260004200179041001400221084000800235300002300243500013500266336000900401 aVengefulcSchwab, V. EhText a9786020635217 aCet. 1 aSchwab, V. E aNadya Andwiani aAngelic Zaizai aNovel Inggris (dalam Bahasa Indonesia) a20241213104618 aJakartabGramedia Pustaka Utamac2019 aIndonesia a823 a600 hlm. :c20 cm. aMagneto dan professor X. Superman dan Lex Luthor. Victor Vale dan Eli Ever. Smeuanya partner yang berubah menjadi musuh bebuyutan. atext